000 00401pab a2200157 454500
008 180718b1988 xxu||||| |||| 00| 0 eng d
100 _aHaltiwanger, John C.
245 _aModel of inventory and lay off behaviour under uncertainty
260 _c1988
300 _a731-45
362 _aSept.
650 _aInventories
700 _aLouis J. Maccini
773 _aEconomic Journal
909 _a11329
999 _c11329
_d11329